|
|
|
|
| LEADER |
00000nam0a2200000 4500 |
| 001 |
259827 |
| 005 |
20231101233424.0 |
| 020 |
|
|
|a RU
|b 87-59781
|
| 035 |
|
|
|a (RuTPU)RU\TPU\book\282773
|
| 090 |
|
|
|a 259827
|
| 100 |
|
|
|a 20140512d1987 m y0rusy5003 ca
|
| 101 |
0 |
|
|a rus
|
| 102 |
|
|
|a RU
|
| 105 |
|
|
|a y j 001zy
|
| 200 |
1 |
|
|a Методы сплайн-функций в вычислительной гидродинамике
|e учебное пособие по спецкурсу
|f С. В. Русаков
|g Пермский государственный университет (ПГУ)
|
| 210 |
|
|
|a Пермь
|c Изд-во ПГУ
|d 1987
|
| 215 |
|
|
|a 88 с.
|d 20 см
|
| 320 |
|
|
|a Библиогр.: с. 87 (17 назв.).
|
| 606 |
1 |
|
|a Гидродинамика
|2 stltpush
|3 (RuTPU)RU\TPU\subj\6651
|9 34481
|
| 610 |
1 |
|
|a вычислительная гидродинамика
|
| 610 |
1 |
|
|a сплайн-функции
|
| 610 |
1 |
|
|a сплайны
|
| 610 |
1 |
|
|a теория
|
| 610 |
1 |
|
|a сплайн-схемы
|
| 610 |
1 |
|
|a конструирование
|
| 610 |
1 |
|
|a учебные пособия
|
| 675 |
|
|
|a 532.5(075.8)
|z rus
|v 3
|
| 700 |
|
1 |
|a Русаков
|b С. В.
|g Сергей Владимирович
|
| 712 |
0 |
2 |
|a Пермский государственный университет (ПГУ)
|2 stltpush
|3 (RuTPU)RU\TPU\col\189
|
| 801 |
|
0 |
|a RU
|b RuMRKP
|c 19950417
|g psbo
|
| 801 |
|
1 |
|a RU
|b 63413507
|c 20140512
|
| 801 |
|
2 |
|a RU
|b 63413507
|c 20190124
|g RCR
|
| 942 |
|
|
|c BK
|